[Event "FIN-chT 2223"]
[Site "Finland"]
[Date "2023.02.11"]
[Round "9.5"]
[White "Makela, Lauri"]
[Black "Kytoniemi, Jyrki"]
[Result "1/2-1/2"]
[WhiteElo "2096"]
[BlackElo "2192"]
[PlyCount "40"]
[EventDate "2022.09.24"]
[EventType "team-tourn"]
[EventRounds "11"]
[EventCountry "FIN"]
[SourceTitle "EXT 2024"]
[Source "ChessBase"]
[SourceDate "2023.10.10"]
[SourceVersion "1"]
[SourceVersionDate "2023.10.10"]
[SourceQuality "1"]
[WhiteTeam "Raahe Li"]
[BlackTeam "Tampere Tammer"]
[WhiteTeamCountry "FIN"]
[BlackTeamCountry "FIN"]

1. d4 e6 2. c4 d5 3. Nf3 c6 4. g3 f5 5. Bg2 Nf6 6. 0-0 Be7 7. Nbd2 0-0 8. Ne5 Nbd7 9. Nd3 Ne4 10. Qc2 Bf6 11. e3 Re8 12. Rd1 b6 13. cxd5 cxd5 14. Nxe4 fxe4 15. Nf4 Bb7 16. h4 Rc8 17. Qa4 Bc6 18. Qb3 Nf8 19. Bd2 Qd7 20. Rdc1 Ba4 1/2-1/2

[Event "FIN-chT 1920"]
[Site "Finland"]
[Date "2019.11.23"]
[Round "5.6"]
[White "Kytoniemi, Jyrki"]
[Black "Makinen, Ilkka"]
[Result "1/2-1/2"]
[WhiteElo "2196"]
[BlackElo "2088"]
[PlyCount "87"]
[EventDate "2019.09.14"]
[EventType "team-tourn"]
[EventRounds "11"]
[EventCountry "FIN"]
[SourceTitle "EXT 2022"]
[Source "ChessBase"]
[SourceDate "2021.10.06"]
[SourceVersion "1"]
[SourceVersionDate "2021.10.06"]
[SourceQuality "1"]
[WhiteTeam "Tampere Tammer"]
[BlackTeam "Helsinki HSK"]
[WhiteTeamCountry "FIN"]
[BlackTeamCountry "FIN"]

1. Nf3 g6 2. d4 Bg7 3. c3 Nf6 4. Bg5 d6 5. Nbd2 Nbd7 6. e3 c6 7. Be2 h6 8. Bh4 a6 9. a4 g5 10. Bg3 Nh5 11. Qc2 Rb8 12. a5 Nxg3 13. hxg3 d5 14. e4 dxe4 15. Nxe4 Nf6 16. Nxf6+ exf6 17. Bc4 0-0 18. 0-0 Bg4 19. Nd2 Qc7 20. b4 Rbe8 21. Rfe1 Re7 22. Rxe7 Qxe7 23. Nf1 Re8 24. Ne3 Qd7 25. Bd3 Be6 26. Bf5 Qd8 27. Re1 Re7 28. Re2 Bf8 29. Bxe6 Rxe6 30. g4 Qd6 31. g3 Qd7 32. Kf1 Qd6 33. Qf5 Qe7 34. Qf3 Qd7 35. Qf5 Qe7 36. Qd3 Qd7 37. Qc4 Qd6 38. Nf5 Qd7 39. Ne3 Bd6 40. Nf5 Bf8 41. f3 Qe8 42. Kf2 Qd7 43. Re4 Qe8 44. Re3 1/2-1/2

[Event "FIN-chT 1920"]
[Site "Finland"]
[Date "2019.09.14"]
[Round "1.8"]
[White "Kytoniemi, Jyrki"]
[Black "Narhi, Kimmo"]
[Result "1-0"]
[WhiteElo "2196"]
[BlackElo "2069"]
[PlyCount "91"]
[EventDate "2019.09.14"]
[EventType "team-tourn"]
[EventRounds "11"]
[EventCountry "FIN"]
[SourceTitle "EXT 2022"]
[Source "ChessBase"]
[SourceDate "2021.10.06"]
[SourceVersion "1"]
[SourceVersionDate "2021.10.06"]
[SourceQuality "1"]
[WhiteTeam "Tampere Tammer"]
[BlackTeam "Salo SalSK"]
[WhiteTeamCountry "FIN"]
[BlackTeamCountry "FIN"]

1. e4 c5 2. Nf3 Nc6 3. b3 d6 4. Bb5 Bd7 5. 0-0 Nf6 6. Re1 g6 7. Bb2 Bg7 8. Nc3 0-0 9. Nd5 Nxd5 10. Bxg7 Ne3 11. Rxe3 Kxg7 12. d4 cxd4 13. Nxd4 Qb6 14. Bxc6 Bxc6 15. c4 Qc5 16. Qd2 Kg8 17. Rae1 Rfd8 18. Rd3 Be8 19. Nf3 f6 20. e5 Bc6 21. exf6 exf6 22. Nd4 Re8 23. Nxc6 Qxc6 24. Rd1 Rad8 25. h4 Re6 26. Rd5 b6 27. h5 Kg7 28. Qf4 Re5 29. f3 b5 30. h6+ Kf7 31. cxb5 Qb6+ 32. Kh2 Qc7 33. Qd4 Ke7 34. f4 Re2 35. Rd2 Re1 36. Qf2 Qc1 37. Qxa7+ Rd7 38. Qf2 Rh1+ 39. Kg3 Rxh6 40. Qe3+ Kf8 41. Re2 Qc7 42. Qe6 Kg7 43. b6 Qc6 44. Rc2 Qxc2 45. Qxd7+ Kg8 46. Qd8+ 1-0

[Event "FIN-chT 1819"]
[Site "Finland"]
[Date "2018.12.09"]
[Round "6.8"]
[White "Kytoniemi, Jyrki"]
[Black "Narhi, Kimmo"]
[Result "1/2-1/2"]
[WhiteElo "2200"]
[BlackElo "2040"]
[PlyCount "105"]
[EventDate "2018.09.15"]
[EventType "team-tourn"]
[EventRounds "11"]
[EventCountry "FIN"]
[SourceTitle "CBM 187 Extra"]
[Source "ChessBase"]
[SourceDate "2018.11.04"]
[SourceVersion "1"]
[SourceVersionDate "2018.11.04"]
[SourceQuality "1"]
[WhiteTeam "Tampere Tammer"]
[BlackTeam "Salo SalSK"]
[WhiteTeamCountry "FIN"]
[BlackTeamCountry "FIN"]

1. Nf3 g6 2. b3 Bg7 3. Nc3 d5 4. e3 e5 5. d4 exd4 6. exd4 Ne7 7. Bg5 h6 8. Bxe7 Qxe7+ 9. Be2 Be6 10. 0-0 0-0 11. Na4 Nd7 12. c3 Rfe8 13. Re1 Qd6 14. Rc1 Bg4 15. h3 Bxf3 16. Bxf3 c6 17. Qd2 Kf8 18. Rxe8+ Rxe8 19. Re1 Rxe1+ 20. Qxe1 Qe7 21. Qd2 Qd6 22. Nb2 Nb6 23. Nd3 Nd7 24. Kf1 Ke7 25. Ke2 Qe6+ 26. Kd1 Qd6 27. Qe3+ Qe6 28. Qf4 Qd6 29. Kc2 Qxf4 30. Nxf4 Kd6 31. Kd3 b5 32. h4 h5 33. g3 Nf8 34. Bd1 Ne6 35. Nxe6 Kxe6 36. c4 b4 37. Bf3 Bf6 38. Bg2 Kd6 39. Bh3 Bg7 40. c5+ Ke7 41. Bc8 Bf6 42. Ke3 Bg7 43. Ba6 Bf6 44. Bf1 Bg7 45. f3 Bh6+ 46. f4 f5 47. Ba6 Bg7 48. Bc8 Bf6 49. Kd3 Kd8 50. Be6 Ke7 51. Bc8 Kd8 52. Be6 Ke7 53. Bc8 1/2-1/2

[Event "EU-Cup 32nd"]
[Site "Novi Sad"]
[Date "2016.11.10"]
[Round "5.4"]
[White "Alekseev, Andrey"]
[Black "Kytoniemi, Jyrki"]
[Result "1-0"]
[WhiteElo "2337"]
[BlackElo "2218"]
[PlyCount "85"]
[EventDate "2016.11.06"]
[EventType "team-swiss"]
[EventRounds "7"]
[EventCountry "SRB"]
[SourceTitle "CBM 176"]
[Source "ChessBase"]
[SourceDate "2017.01.17"]
[SourceVersion "1"]
[SourceVersionDate "2017.01.17"]
[SourceQuality "1"]
[WhiteTeam "Perfect"]
[BlackTeam "Tammer Shakki"]
[WhiteTeamCountry "RUS"]
[BlackTeamCountry "FIN"]

1. d4 e6 2. Nf3 Nf6 3. e3 c5 4. Bd3 b6 5. 0-0 Bb7 6. Nbd2 cxd4 7. exd4 Be7 8. Qe2 0-0 9. Ne4 Bxe4 10. Bxe4 Nxe4 11. Qxe4 d5 12. Qe2 Nd7 13. Bf4 Qc8 14. Rfd1 Qc4 15. Rd3 Rac8 16. c3 Rfe8 17. Ne5 Nxe5 18. Bxe5 f6 19. Bg3 Bf8 20. h4 b5 21. a3 a5 22. h5 Kf7 23. Qc2 g6 24. Bh4 f5 25. Qd2 Bg7 26. Re1 Rg8 27. Qg5 Rce8 28. Rg3 Bh8 29. Qh6 Rg7 30. Bg5 Qc6 31. Bf4 gxh5 32. Ree3 Reg8 33. Bg5 Rg6 34. Qxh7+ Bg7 35. Bf4 Rg4 36. Qxh5+ Kf8 37. Rxg4 fxg4 38. Qxg4 Kf7 39. Qh5+ Ke7 40. Bg5+ Kd6 41. Rxe6+ Kxe6 42. Qg6+ Kd7 43. Qf7+ 1-0

[Event "EU-Cup 31st"]
[Site "Skopje"]
[Date "2015.10.22"]
[Round "5.4"]
[White "Alekseev, Evgeny V"]
[Black "Kytoniemi, Jyrki"]
[Result "1-0"]
[WhiteElo "2642"]
[BlackElo "2208"]
[PlyCount "87"]
[EventDate "2015.10.18"]
[EventType "team-swiss"]
[EventRounds "7"]
[EventCountry "MKD"]
[SourceTitle "CBM 169"]
[Source "ChessBase"]
[SourceDate "2015.11.10"]
[SourceVersion "1"]
[SourceVersionDate "2015.11.10"]
[SourceQuality "1"]
[WhiteTeam "Belorechensk"]
[BlackTeam "Tammer Shakki"]
[WhiteTeamCountry "RUS"]
[BlackTeamCountry "FIN"]

1. e4 e6 2. d4 d5 3. Nc3 Nf6 4. e5 Nfd7 5. f4 c5 6. Nf3 Nc6 7. Be3 a6 8. Qd2 b5 9. a3 Qb6 10. Ne2 Bb7 11. dxc5 Bxc5 12. Ned4 g5 13. fxg5 Ndxe5 14. Nxe5 Nxd4 15. Bf2 Nc6 16. Bxc5 Qxc5 17. Nxc6 Bxc6 18. Bd3 0-0-0 19. Rf1 Rd7 20. 0-0-0 Kb7 21. Rde1 d4 22. Kb1 e5 23. Rf5 Re8 24. Qf2 b4 25. axb4 Qxb4 26. Rexe5 Re6 27. Qe2 Bd5 28. Be4 Rxe5 29. Rxe5 Bxe4 30. Qxe4+ Ka7 31. h4 Rb7 32. b3 Rd7 33. Qc6 Re7 34. Qc4 Qd6 35. Rd5 Qb6 36. Qxd4 Qxd4 37. Rxd4 Kb6 38. Rd6+ Kb5 39. Rh6 Re2 40. Rxh7 Rf2 41. Kb2 a5 42. Rg7 Kb4 43. h5 Rxg2 44. h6 1-0

[Event "FIN-chT 1516"]
[Site "Finland"]
[Date "2015.09.12"]
[Round "1.7"]
[White "Hallman, Valo"]
[Black "Kytoniemi, Jyrki"]
[Result "1-0"]
[WhiteElo "2013"]
[BlackElo "2228"]
[PlyCount "59"]
[EventDate "2015.09.12"]
[EventType "team-tourn"]
[EventRounds "11"]
[EventCountry "FIN"]
[SourceTitle "EXT 2016"]
[Source "ChessBase"]
[SourceDate "2015.10.08"]
[SourceVersion "1"]
[SourceVersionDate "2015.10.08"]
[SourceQuality "1"]
[WhiteTeam "Helsinki HSK"]
[BlackTeam "Tampere Tammer"]
[WhiteTeamCountry "FIN"]
[BlackTeamCountry "FIN"]

1. d4 e6 2. Nf3 f5 3. g3 b5 4. d5 Bd6 5. Nc3 a6 6. Bg5 Nf6 7. e4 b4 8. e5 bxc3 9. Bxf6 gxf6 10. exd6 cxb2 11. Rb1 cxd6 12. Bg2 Qa5+ 13. Nd2 0-0 14. Rxb2 exd5 15. 0-0 Nc6 16. Nb3 Qc3 17. Qxd5+ Kg7 18. Rbb1 Rb8 19. Nd4 Rxb1 20. Nxf5+ Kh8 21. Rxb1 Qxc2 22. Re1 Qc3 23. Re3 Qc1+ 24. Bf1 Ne5 25. Qxd6 Kg8 26. Rxe5 fxe5 27. Qd5+ Rf7 28. Nd6 Kg7 29. Qxf7+ Kh6 30. Qf6+ 1-0

[Event "FIN-chT 1314"]
[Site "Finland"]
[Date "2014.03.09"]
[Round "11.7"]
[White "Kytoniemi, Jyrki"]
[Black "Hokkanen, Petri"]
[Result "1/2-1/2"]
[WhiteElo "2261"]
[BlackElo "2291"]
[PlyCount "92"]
[EventDate "2013.09.21"]
[EventType "team-tourn"]
[EventRounds "11"]
[EventCountry "FIN"]
[SourceTitle "EXT 2015"]
[Source "ChessBase"]
[SourceDate "2014.11.20"]
[SourceVersion "1"]
[SourceVersionDate "2014.11.20"]
[SourceQuality "1"]
[WhiteTeam "Tampere Tammer"]
[BlackTeam "Porvoo Velhot"]
[WhiteTeamCountry "FIN"]
[BlackTeamCountry "FIN"]

1. d4 Nf6 2. Bf4 d5 3. c3 e6 4. Nd2 Bd6 5. e3 0-0 6. Ngf3 c5 7. Bg3 b6 8. Ne5 Qc7 9. Bd3 Ba6 10. Bxa6 Nxa6 11. Qe2 Nb8 12. 0-0 Nbd7 13. f4 g6 14. Bh4 Ne4 15. Nxe4 dxe4 16. Rac1 f6 17. Ng4 Kg7 18. Nf2 Qc6 19. Qc2 f5 20. Rfd1 c4 21. d5 exd5 22. Qd2 Bc5 23. Qxd5 Qxd5 24. Rxd5 Nf6 25. Bxf6+ Kxf6 26. Re1 Rad8 27. Rxd8 Rxd8 28. Kf1 Rd2 29. Re2 Rd5 30. g4 h6 31. h4 h5 32. g5+ Ke6 33. Ke1 b5 34. a3 a5 35. Nd1 b4 36. axb4 axb4 37. Rd2 Rd3 38. Ke2 bxc3 39. bxc3 Ba3 40. Ra2 Bc1 41. Ra6+ Kf7 42. Ra7+ Kg8 43. Ra8+ Kf7 44. Ra7+ Kg8 45. Ra8+ Kf7 46. Ra7+ Kg8 1/2-1/2

[Event "EU-Cup 29th"]
[Site "Rhodes"]
[Date "2013.10.24"]
[Round "5.6"]
[White "Kytoniemi, Jyrki"]
[Black "Apaydin, Fethi"]
[Result "0-1"]
[WhiteElo "2263"]
[BlackElo "2246"]
[PlyCount "150"]
[EventDate "2013.10.20"]
[EventType "team-swiss"]
[EventRounds "7"]
[EventCountry "GRE"]
[SourceTitle "CBM 157"]
[Source "ChessBase"]
[SourceDate "2013.11.12"]
[SourceVersion "1"]
[SourceVersionDate "2013.11.12"]
[SourceQuality "1"]
[WhiteTeam "Tammer Shakki"]
[BlackTeam "BJK"]
[WhiteTeamCountry "FIN"]
[BlackTeamCountry "TUR"]

1. e4 g6 2. Nc3 Bg7 3. h4 h5 4. d4 d6 5. Nge2 a6 6. Be3 b5 7. Qd2 Bb7 8. f3 Nd7 9. d5 c6 10. dxc6 Bxc6 11. Nd4 Bb7 12. a4 bxa4 13. Rxa4 Ngf6 14. Be2 0-0 15. Bh6 Bxh6 16. Qxh6 Qb6 17. Nb3 Bc6 18. Ra5 Nc5 19. Ra3 Nxb3 20. Rxb3 Qc5 21. Qg5 Qd4 22. Qd2 Qa7 23. Ra3 a5 24. Nb5 Qb8 25. Rb3 d5 26. Nd4 Qg3+ 27. Kf1 a4 28. Ra3 Qd6 29. e5 Qxe5 30. Nxc6 Qxb2 31. Nxe7+ Kh7 32. Re3 a3 33. Kf2 a2 34. Rb3 a1Q 35. Rxa1 Qxa1 36. Nc6 Rac8 37. Nd4 Rfe8 38. Kg3 Qa7 39. c3 Qc7+ 40. Kf2 Qe5 41. Bb5 Rg8 42. Rb1 Ra8 43. g3 Ra3 44. Bd3 Re8 45. Bb5 Rea8 46. Rb2 Ra1 47. Bf1 Ne8 48. Qe2 Qxe2+ 49. Bxe2 Nd6 50. Ke3 R1a2 51. Rb6 Re8+ 52. Kf4 Raxe2 53. Rxd6 R2e5 54. Rd7 Kg7 55. Rd6 f6 56. g4 hxg4 57. Kxg4 Rc8 58. f4 Re3 59. Rd7+ Kh6 60. h5 f5+ 61. Kh4 Rcxc3 62. Nxf5+ gxf5 63. Rd6+ Kg7 64. Kg5 Re7 65. Kxf5 Rf7+ 66. Kg4 Rc4 67. Rxd5 Rcxf4+ 68. Kg5 Rf1 69. h6+ Kh7 70. Re5 Rg1+ 71. Kh5 Rh1+ 72. Kg5 Rxh6 73. Re8 Rg6+ 74. Kh5 Rf5+ 75. Kh4 Rf1 0-1

[Event "EU-Cup 28th"]
[Site "Eilat"]
[Date "2012.10.17"]
[Round "7.4"]
[White "Kytoniemi, Jyrki"]
[Black "Kasimdzhanov, Rustam"]
[Result "0-1"]
[WhiteElo "2283"]
[BlackElo "2690"]
[PlyCount "86"]
[EventDate "2012.10.11"]
[EventType "team-swiss"]
[EventRounds "7"]
[EventCountry "ISR"]
[SourceTitle "CBM 151"]
[Source "ChessBase"]
[SourceDate "2012.11.13"]
[SourceVersion "1"]
[SourceVersionDate "2012.11.13"]
[SourceQuality "1"]
[WhiteTeam "Tammer Shakki"]
[BlackTeam "Baden-Baden"]
[WhiteTeamCountry "FIN"]
[BlackTeamCountry "GER"]

1. e4 c5 2. c4 g6 3. Ne2 Bg7 4. Nbc3 Nc6 5. d3 d6 6. g3 h5 7. h3 e5 8. Nd5 Be6 9. Nec3 Bh6 10. Bg2 Bxc1 11. Rxc1 h4 12. g4 Nge7 13. Nf6+ Kf8 14. Qd2 Kg7 15. Nfd5 Nd4 16. Nxe7 Qxe7 17. f4 exf4 18. Qxf4 Rae8 19. 0-0 Bd7 20. Rf2 Ne6 21. Qd2 Qg5 22. Qxg5 Nxg5 23. a3 a5 24. Kh2 a4 25. Rb1 Bc6 26. b4 axb3 27. Rxb3 Ra8 28. a4 Rhe8 29. e5 Rxe5 30. Bxc6 bxc6 31. Rb7 Kh6 32. Ne4 Nxe4 33. dxe4 Rxa4 34. g5+ Rxg5 35. Rbxf7 Rxc4 36. Rf8 Rxe4 37. Rh8+ Kg7 38. Rff8 Rd5 39. Rhg8+ Kh6 40. Rh8+ Kg5 41. Rf2 c4 42. Rg8 Re3 43. Rg2+ Rg3 0-1

[Event "FIN Team Cup"]
[Site "Finland"]
[Date "2012.05.26"]
[Round "3.1"]
[White "Kytoniemi, Jyrki"]
[Black "Vuorisalo, Veli Matti"]
[Result "1/2-1/2"]
[WhiteElo "2287"]
[BlackElo "2153"]
[PlyCount "83"]
[EventDate "2012.03.31"]
[EventType "team-k.o."]
[EventRounds "6"]
[EventCountry "FIN"]
[SourceTitle "EXT 2022"]
[Source "ChessBase"]
[SourceDate "2021.10.06"]
[SourceVersion "1"]
[SourceVersionDate "2021.10.06"]
[SourceQuality "1"]
[WhiteTeam "Tampere Tammer"]
[BlackTeam "Pori PSY"]
[WhiteTeamCountry "FIN"]
[BlackTeamCountry "FIN"]

1. Nf3 c5 2. b3 Nf6 3. Bb2 d5 4. e3 e6 5. Bb5+ Bd7 6. Qe2 a6 7. Bxd7+ Nbxd7 8. 0-0 Qc7 9. c4 Be7 10. Nc3 0-0 11. Rac1 Rac8 12. g3 dxc4 13. bxc4 Rfd8 14. Rfd1 Nb8 15. Rb1 Qa5 16. Ba1 Rc7 17. Ne5 Bd6 18. f4 Bxe5 19. fxe5 Nfd7 20. Qh5 Nf8 21. Ne4 b5 22. Qg5 Nc6 23. cxb5 axb5 24. Nf6+ Kh8 25. Nh5 Ng6 26. d4 Rcd7 27. Rdc1 c4 28. h4 Qxa2 29. Nxg7 Kxg7 30. h5 Ncxe5 31. Rf1 Nf3+ 32. Rxf3 Qxb1+ 33. Rf1 Qxf1+ 34. Kxf1 Rd5 35. Qg4 Rf5+ 36. Ke1 Ra8 37. Bc3 b4 38. Bxb4 Ra1+ 39. Ke2 Ra2+ 40. Ke1 Ra1+ 41. Ke2 Ra2+ 42. Ke1 1/2-1/2

[Event "FIN-chT 1112"]
[Site "Finland"]
[Date "2012.02.11"]
[Round "8.7"]
[White "Laine, Panu"]
[Black "Kytoniemi, Jyrki"]
[Result "1/2-1/2"]
[WhiteElo "2212"]
[BlackElo "2283"]
[PlyCount "41"]
[EventDate "2011.09.17"]
[EventType "team-tourn"]
[EventRounds "11"]
[EventCountry "FIN"]
[SourceTitle "EXT 2013"]
[Source "ChessBase"]
[SourceDate "2012.11.22"]
[SourceVersion "1"]
[SourceVersionDate "2012.11.22"]
[SourceQuality "1"]
[WhiteTeam "Espoo"]
[BlackTeam "Tampere"]
[WhiteTeamCountry "FIN"]
[BlackTeamCountry "FIN"]

1. e4 e6 2. d4 d5 3. Nd2 dxe4 4. Nxe4 Nd7 5. Nf3 Ngf6 6. Bd3 Nxe4 7. Bxe4 Nf6 8. Bd3 c5 9. c3 a6 10. 0-0 Be7 11. Bg5 cxd4 12. cxd4 Nd5 13. Bxe7 Qxe7 14. Ne5 0-0 15. Qh5 g6 16. Qh6 Rd8 17. Rad1 Qf8 18. Qh4 Qe7 19. Qh6 Qf8 20. Qh4 Qe7 21. Qh6 1/2-1/2

[Event "FIN-chT 1112"]
[Site "Finland"]
[Date "2012.01.14"]
[Round "7.6"]
[White "Alho, Sauli"]
[Black "Kytoniemi, Jyrki"]
[Result "1/2-1/2"]
[WhiteElo "2157"]
[BlackElo "2283"]
[PlyCount "82"]
[EventDate "2011.09.17"]
[EventType "team-tourn"]
[EventRounds "11"]
[EventCountry "FIN"]
[SourceTitle "EXT 2013"]
[Source "ChessBase"]
[SourceDate "2012.11.22"]
[SourceVersion "1"]
[SourceVersionDate "2012.11.22"]
[SourceQuality "1"]
[WhiteTeam "Sastamala VammSK"]
[BlackTeam "Tampere"]
[WhiteTeamCountry "FIN"]
[BlackTeamCountry "FIN"]

1. e4 c6 2. d4 d5 3. exd5 cxd5 4. Bd3 Nc6 5. c3 Qc7 6. Ne2 e5 7. dxe5 Nxe5 8. Bb5+ Bd7 9. Bxd7+ Qxd7 10. 0-0 Nf6 11. Bf4 Ng6 12. Re1 Nxf4 13. Nxf4+ Be7 14. Qe2 0-0 15. Nd2 Rfe8 16. Nb3 Bd6 17. Qd2 Qf5 18. g3 Bxf4 19. Qxf4 Qxf4 20. gxf4 Nh5 21. f5 Nf4 22. Re3 Rxe3 23. fxe3 Nd3 24. Rd1 Nxb2 25. Rxd5 Na4 26. c4 Nc3 27. Rd7 b6 28. a3 g6 29. fxg6 fxg6 30. c5 bxc5 31. Nxc5 a5 32. Rd3 Nb1 33. Kf2 Rc8 34. Nb3 Nxa3 35. Nxa5 Nc4 36. Nxc4 Rxc4 37. Kf3 Rh4 38. Kg3 Re4 39. Kf3 Rh4 40. Kg3 Re4 41. Kf3 Rh4 1/2-1/2

[Event "FIN-chT1A 1112"]
[Site "Finland"]
[Date "2011.11.20"]
[Round "4.1"]
[White "Iym, Tonu"]
[Black "Kytoniemi, Jyrki"]
[Result "1/2-1/2"]
[WhiteElo "2337"]
[BlackElo "2283"]
[PlyCount "28"]
[EventDate "2011.09.17"]
[EventType "team-tourn"]
[EventRounds "7"]
[EventCountry "FIN"]
[SourceTitle "EXT 2019"]
[Source "ChessBase"]
[SourceDate "2018.10.10"]
[SourceVersion "1"]
[SourceVersionDate "2018.10.10"]
[SourceQuality "1"]
[WhiteTeam "Hyvinkaa SK"]
[BlackTeam "Tampere Tammer II"]
[WhiteTeamCountry "FIN"]
[BlackTeamCountry "FIN"]

1. e4 c6 2. d4 d5 3. Nc3 dxe4 4. Nxe4 Bf5 5. Ng3 Bg6 6. h4 h6 7. h5 Bh7 8. Nf3 Nd7 9. Bd3 Bxd3 10. Qxd3 e6 11. Bd2 Ngf6 12. 0-0-0 Qc7 13. Ne4 Nxe4 14. Qxe4 Nf6 1/2-1/2